| 000 | 00390cam a2200169ua 4500 | ||
|---|---|---|---|
| 020 | _cRs.1.00 | ||
| 041 |
_aeng _h |
||
| 082 |
_a335.411` _bKRI/CL |
||
| 100 | _aJ.B. Kripalini, Kripalini . | ||
| 245 | _aClass Struggle | ||
| 260 |
_aRajahat : _bSarva seva prakashan, , _c1959. |
||
| 300 | _a94 ; . | ||
| 365 | _aRs.1.00 | ||
| 504 | _a | ||
| 942 | _cBK | ||
| 999 |
_c11172 _d11172 |
||